| 000 | 00341cam a22001217a 4500 | ||
|---|---|---|---|
| 008 | 180718b1972 xxu||||| |||| 00| 0 eng d | ||
| 082 | _aY11x54 In2 | ||
| 100 | _aVohra, B.B. | ||
| 245 |
_aCharter for the land _cby B.B. Vohra |
||
| 260 |
_aNew Delhi _bMinistry of Agriculture _c1972 |
||
| 300 | _a35p. | ||
| 700 | _aIndia. Ministry of Agriculture | ||
| 999 |
_c499095 _d499095 |
||